00448nam a2200169 4500001000700000003000900007005001700016007000300033008004100036100001900077245007200096250001200168260003600180300002200216700001900238852002100257119331ES-MaACL20230906191306.0t|070214s1911 it r ||||1| ita d1 aPieczynska, E.13aLa scuola de la purezza / cE. Pieczynska ; tradusse: Marie Ercego. a1ยช ed. aPadova : bIn. Cammino, c1911. a150 p. ; c19 cm.1 aErcego, Marie. aES-MaACLjD-1846